[Event "Ruhrgebiet Bezirksliga 16/17"]
[Site "Ruhrgebiet"]
[Date "2017.04.02"]
[Round "10.8"]
[White "Mechtold, Peter"]
[Black "Tubis, Reiner"]
[Result "0-1"]
[WhiteElo "1469"]
[BlackElo "1701"]
[PlyCount "54"]
[EventDate "2016.08.28"]
[EventType "team-tourn"]
[EventRounds "11"]
[EventCountry "GER"]
[SourceTitle "EXT 2022"]
[Source "ChessBase"]
[SourceDate "2021.10.06"]
[SourceVersion "1"]
[SourceVersionDate "2021.10.06"]
[SourceQuality "1"]
[WhiteTeam "Wickede SK"]
[BlackTeam "Kamen SV III"]
[WhiteTeamCountry "GER"]
[BlackTeamCountry "GER"]

1. d4 d5 2. c4 Nc6 3. Nc3 dxc4 4. e3 Bf5 5. Bxc4 a6 6. Nf3 Nf6 7. 0-0 e6 8. a3 Be7 9. b4 0-0 10. Bb2 Nd5 11. Rc1 Bf6 12. Re1 Bg4 13. h3 Bh5 14. Be2 Rc8 15. Ne4 Re8 16. Bxa6 Ncxb4 17. Bxb7 Rb8 18. Nc5 Na6 19. Bc6 Nxc5 20. Bxe8 Qxe8 21. Rxc5 Rxb2 22. Qc1 Qb8 23. g4 Bg6 24. e4 Bxe4 25. Kg2 Bxf3+ 26. Kxf3 Bxd4 27. Rc2 Qb3+ 0-1

[Event "Ruhrgebiet Bezirksliga 16/17"]
[Site "Ruhrgebiet"]
[Date "2016.10.09"]
[Round "3.7"]
[White "Rudlof, Juergen"]
[Black "Mechtold, Peter"]
[Result "1-0"]
[WhiteElo "1691"]
[BlackElo "1469"]
[PlyCount "29"]
[EventDate "2016.08.28"]
[EventType "team-tourn"]
[EventRounds "11"]
[EventCountry "GER"]
[SourceTitle "EXT 2022"]
[Source "ChessBase"]
[SourceDate "2021.10.06"]
[SourceVersion "1"]
[SourceVersionDate "2021.10.06"]
[SourceQuality "1"]
[WhiteTeam "Boenen SV II"]
[BlackTeam "Wickede SK"]
[WhiteTeamCountry "GER"]
[BlackTeamCountry "GER"]

1. e4 e6 2. d4 d6 3. f4 b6 4. Nf3 Nd7 5. Bd3 Bb7 6. 0-0 Rc8 7. Qe1 c5 8. c3 Qc7 9. Na3 a6 10. f5 exf5 11. e5 dxe5 12. Bxf5 Bxf3 13. Rxf3 g6 14. Bxd7+ Qxd7 15. Qxe5+ 1-0